000 00543nam a22001577a 4500
005 2012021408108.0
020 _a0074635131
_c000.00
035 _aB-7015
037 _aDPL
_bENG
100 _aAronoff, Eyal
_942079
245 _aOracle 8 Advanced Tuning &Administration /
_cby Alex Lukatsky
260 _aNew Delhi
_bTata Mc Graw Hill
_c1998
300 _aXV, 660p.(pbk)
_c22 cms.
942 _2ddc
_cEN
_h005.756
_mAAO
999 _c62833
_d62833